000 00569nam a2200181 i 4500
001 30218
003 ES-MaACL
005 20251125063448.0
007 t|
008 030124s1904 fr ||||1| fre d
100 1 _aAndreev, Leonid Nikolaevich,
_d1871-1919
_9242530
245 1 3 _aLe gouffre /
_cLéonide Andréief ; traduit du russe par S. Persky.
260 _aParís :
_bLibrairie Academique Didier Perrin et Cie.,
_c1904.
300 _aVIII, 277 p. ;
_c19 cm.
700 1 _aPersky, Serge.
_991402
852 _aES-MaACL
_jF-2510
999 _c30218
_d30218